Seis estudios de psicología
Na minha lista:
| Autor principal: | |
|---|---|
| Formato: | Desconhecido |
| Idioma: | inglês |
| Publicado em: |
Madrid, España:
Siglo XXI,
2018
|
| Assuntos: | |
| Tags: |
Adicionar Tag
Sem tags, seja o primeiro a adicionar uma tag!
|
MARC
| LEADER | 00000 a2200000 4500 | ||
|---|---|---|---|
| 003 | CL-VaPUC | ||
| 005 | 20211215124138.0 | ||
| 008 | 201123b ||||| |||| 00| 0 eng d | ||
| 999 | |c 431803 |d 431801 | ||
| 020 | |a 9789876298469 | ||
| 040 | |c Pontificia Universidad Católica de Valparaíso | ||
| 082 | |a 155.4 PIA 2018 | ||
| 100 | |a Piaget, Jean |9 308149 |e autor | ||
| 245 | |a Seis estudios de psicología | ||
| 260 | |a Madrid, España: |b Siglo XXI, |c 2018 | ||
| 300 | |a 192 páginas | ||
| 583 | |k Cristina Rojas |c 20201123 | ||
| 650 | 0 | |a Psicología |9 257863 | |
| 650 | 0 | |a Psicología del desarrollo |9 307541 | |
| 852 | |a BIBCUR | ||
| 942 | |2 ddc |c BK | ||
| 952 | |0 0 |1 0 |2 ddc |4 0 |6 155_400000000000000_PIA_2018 |7 0 |8 A |9 576992 |a BIBTEO |b BIBTEO |d 2020-11-23 |e 3 |g 9940.00 |i 5578280 |o 155.4 PIA 2018 |p 5578280 |r 2025-01-17 |t 1 |v 9940.00 |w 2020-11-23 |y BK |k ICR | ||